Cyclic prefix and intra-fix insertion for frequency-domain equalization (FDE) of shaped-offset OPSK (Record no. 13457)
[ view plain ]
| 000 -LEADER | |
|---|---|
| fixed length control field | 00534nam a22001337a 4500 |
| 082 ## - DEWEY DECIMAL CLASSIFICATION NUMBER | |
| Classification number | MSIT-12 FAY |
| 100 ## - MAIN ENTRY--PERSONAL NAME | |
| Personal name | Salman Fayyaz Khan |
| 9 (RLIN) | 100523 |
| 245 ## - TITLE STATEMENT | |
| Title | Cyclic prefix and intra-fix insertion for frequency-domain equalization (FDE) of shaped-offset OPSK |
| 260 ## - PUBLICATION, DISTRIBUTION, ETC. | |
| Place of publication, distribution, etc. | Islamabad |
| Name of publisher, distributor, etc. | NUST-SEECS |
| Date of publication, distribution, etc. | 2015 |
| 300 ## - PHYSICAL DESCRIPTION | |
| Extent | 54p. |
| Other physical details | ill.; |
| Accompanying material | CD ROM |
| 500 ## - GENERAL NOTE | |
| General note | Supervisors: Dr. Sajid Saleem, Dr. Adnan Khalid Kiani, Dr. Hassaan Khaliq Qureshi, Dr. Syed Ali Hassan |
| 856 ## - ELECTRONIC LOCATION AND ACCESS | |
| Uniform Resource Identifier | <a href="http://10.250.8.41:8080/xmlui/handle/123456789/10003">http://10.250.8.41:8080/xmlui/handle/123456789/10003</a> |
| 942 ## - ADDED ENTRY ELEMENTS (KOHA) | |
| Koha item type | Project Report |
| Source of classification or shelving scheme | |
| Withdrawn status | Lost status | Damaged status | Not for loan | Collection code | Permanent Location | Current Location | Shelving location | Date acquired | Total Checkouts | Full call number | Barcode | Date last seen | Price effective from | Koha item type | Source of classification or shelving scheme |
|---|---|---|---|---|---|---|---|---|---|---|---|---|---|---|---|
| Central Library (CL) | Central Library (CL) | Reference | 12/16/2015 | MSIT-12 FAY | SEECSP01767 | 12/16/2015 | 12/16/2015 | Project Report | |||||||
| Central Library (CL) | Central Library (CL) | Thesis | 10/03/2019 | 004 | CL-T-3500 | 10/03/2019 | 10/03/2019 | Project Report |
